00958cam a22003018i 450000100090000000300040000900500170001300800410003001000170007102000370008802000420012502000430016702000440021002000430025404000230029704200080032005000240032824501030035226000360045526300090049130000130050033600210051333700250053433800230055965000280058270000260061070000200063618635525OSt20230111101030.0150528s2016 enk 000 0 eng  a 2015020719 a9780415721486 (set : alk. paper) a9780415721493 (volume I : alk. paper) a9780415721509 (volume II : alk. paper) a9780415721516 (volume III : alk. paper) a9780415721523 (volume IV : alk. paper) aDLCbengcDLCerda apcc00aLB1028.3b.E38 201600aEducation and technology :bmajor themes in education /cedited by Chris Davies and Rebecca Eynon. aNew York, NY :bRoutledgec2016 a1511 apages cm atext2rdacontent aunmediated2rdamedia avolume2rdacarrier 0aEducational technology.1 aDavies, Chris,d1948-1 aEynon, Rebecca.